000 00892nam a2200181 i 4500
001 160501
003 ES-MaACL
005 20230906212043.0
008 011127s1877 xxu |||| | eng d
111 2 _aNational Prison Reform Congress (
_n4ยบ.
_d1876).
_cNueva York)
_9135174
245 1 0 _aTransactions of the Fourth National Prison Reform Congress
_b: held at New York, june 6-9, 1876 : being the report of the National Prison Association of the United States, for the years 1874 and 1875 /
_cedited by E. C. Wines.
260 _aNew York :
_bOffice of the Association,
_c1877.
300 _aXVII, 629 p. ;
_c23 cm.
650 4 _aEstablecimientos penitenciarios-
_zEstados Unidos.
_912516
650 4 _aEstablecimientos penitenciarios-
_vCongresos y asambleas.
_9163123
700 1 _aWines, Enoch Cobb (
_d1806-1879)
_9117073
852 _aES-MaACL
_jD-153
_z- Enc. hol.
_z. - Donativo Lastres
999 _c160501
_d160501